| 000 | 00940nam a22003012i 4500 | ||
|---|---|---|---|
| 001 | 49929 | ||
| 003 | BD-RJUL | ||
| 005 | 20211209075431.0 | ||
| 008 | 160823s1977 fr b i000 0 eng d | ||
| 020 | _a9231014242 | ||
| 035 | _aBD-RJUL 50049 | ||
| 040 |
_aDLC _cDLC _dEQO _beng |
||
| 041 | _aeng | ||
| 082 |
_a371.104 _bMOS 1977 |
||
| 100 | 1 |
_aMorris, Ben, _d1910- _9149640 |
|
| 245 | 1 | 0 |
_aSome aspects of professional freedom of teachers : _ban international pilot inquiry / _cBen Morris |
| 260 |
_aParis : _bUnesco, _c1977 |
||
| 300 |
_a213 p. ; _c21 cm |
||
| 490 | 1 |
_aMonographs on education (Unesco) ; _v9 |
|
| 490 | 0 |
_aMonographs on education ; _v9 |
|
| 504 | _aIncludes bibliographical references | ||
| 650 | 0 |
_aTeaching, Freedom of _9144062 |
|
| 650 | 0 |
_aTeachers. _9149641 |
|
| 650 | 0 |
_aEducational surveys _9132325 |
|
| 830 | 0 |
_aMonographs on education (Unesco) ; _v9 _9149642 |
|
| 942 |
_2ddc _cBK |
||
| 999 |
_c49929 _d49929 |
||